Benefits of open and high-powered research outweigh costs. (Record no. 347610)
[ view plain ]
| 000 -LEADER | |
|---|---|
| fixed length control field | 00541nam a2200133Ia 4500 |
| 008 - FIXED-LENGTH DATA ELEMENTS--GENERAL INFORMATION | |
| fixed length control field | 171207s9999 xx 000 0 und d |
| 100 ## - MAIN ENTRY--PERSONAL NAME | |
| Personal name | LeBel, Etienne P. |
| 245 ## - TITLE STATEMENT | |
| Title | Benefits of open and high-powered research outweigh costs. |
| 245 ## - TITLE STATEMENT | |
| Statement of responsibility, etc | LeBel, Etienne P.; Campbell, Lorne; Loving, Timothy J. |
| 260 ## - PUBLICATION, DISTRIBUTION, ETC. (IMPRINT) | |
| Date of publication, distribution, etc | 2017 |
| 300 ## - PHYSICAL DESCRIPTION | |
| Extent | pages 230-243, August 2017 |
| 440 ## - SERIES STATEMENT/ADDED ENTRY--TITLE | |
| Title | Journal of Personality and Social Psychology |
| Volume number/sequential designation | 113:2 |
| 650 ## - SUBJECT ADDED ENTRY--TOPICAL TERM | |
| Topical term or geographic name as entry element | OPEN SCIENCE PRACTICES, INDEPENDENT REPLICATION, CUMULATIVE KNOWLEDGE, ANALYTIC AND DESIGN FLEXIBILITY |
| Withdrawn status | Lost status | Damaged status | Home library | Current library | Date acquired | Total Checkouts | Date last seen | Price effective from | Koha item type |
|---|---|---|---|---|---|---|---|---|---|
| College Library | College Library | 12/07/2017 | 12/07/2017 | 12/07/2017 | Periodicals |